[Event "Seniorentoernooi 2016"]
[Site "Dieren, "]
[Date "2016.07.17"]
[Round "1"]
[White "De Ruijter, Luuk"]
[Black "Van Wageningen, Arie"]
[Result "1-0"]
[WhiteElo "2152"]
[BlackElo "2023"]
[PlyCount "101"]
[EventDate "2016.??.??"]

1. d4 Nf6 2. Nf3 e6 3. g3 d5 4. Bg2 Nbd7 5. O-O c6 6. c4 Bd6 7. Nc3 O-O 8. Nd2
Bb4 9. Qb3 Qa5 10. e4 Bxc3 11. bxc3 dxe4 12. Nxe4 Nxe4 13. Bxe4 Nf6 14. Bg2 Re8
15. Re1 h6 16. Bf4 Qa6 17. Reb1 Qa5 18. a4 Nd7 19. Bd6 Qh5 20. Re1 a6 21. c5
Qg6 22. Re3 Nf6 23. Rae1 Rd8 24. h3 Kh8 25. a5 Ne8 26. Be7 Rd7 27. Bh4 Nc7 28.
g4 f5 29. gxf5 exf5 30. Bg3 Nd5 31. Re8+ Kh7 32. Rf8 Rf7 33. Rxf7 Qxf7 34. c4
Nf6 35. d5 Nd7 36. Bd6 Qf6 37. dxc6 bxc6 38. Bxc6 Nxc5 39. Qg3 Ne4 40. Rxe4 Ra7
41. Re1 f4 42. Be4+ Bf5 43. Bxf5+ Qxf5 44. Qg4 Qxa5 45. Qe2 Rf7 46. Qe4+ g6 47.
c5 f3 48. Qe8 Rg7 49. Re7 Qa1+ 50. Kh2 Qf6 51. Rxg7+ 1-0

[Event "Seniorentoernooi 2016"]
[Site "Dieren, "]
[Date "2016.07.17"]
[Round "1"]
[White "Schouten, Nico"]
[Black "Goossen, Theo"]
[Result "1-0"]
[WhiteElo "2117"]
[BlackElo "1991"]
[PlyCount "91"]
[EventDate "2016.??.??"]

1. d4 d5 2. c4 c6 3. Nf3 e6 4. e3 Bd6 5. Nc3 Nd7 6. Be2 f5 7. O-O Ngf6 8. Ne1
O-O 9. f4 b6 10. b3 Ne4 11. Nxe4 dxe4 12. Nc2 Rf6 13. Bb2 Rh6 14. g3 g5 15. Qd2
Bb7 16. Rad1 gxf4 17. exf4 Qe7 18. Ne3 Bb4 19. Qc1 Bd6 20. Rf2 Kf7 21. Rg2 Rg8
22. Rf1 Nf6 23. Qc2 Kf8 24. Qd1 Qc7 25. Kh1 Ke8 26. Qd2 Rhg6 27. b4 h5 28. d5
Ng4 29. dxe6 Bxb4 30. Qd7+ Qxd7 31. exd7+ Kxd7 32. Nxf5 c5 33. Rd1+ Ke6 34. Nd6
Ne3 35. f5+ Kd7 36. Nxb7+ Nxd1 37. Bxd1 Rg5 38. Be5 Rxf5 39. Ba4+ Ke6 40. Bf4
Rg7 41. Bc6 e3 42. Re2 Bd2 43. Bxe3 Bxe3 44. Rxe3+ Kf6 45. Nd6 Rd5 46. Ne8+ 1-0

[Event "Seniorentoernooi 2016"]
[Site "Dieren, "]
[Date "2016.07.17"]
[Round "1"]
[White "Huisman, Arie"]
[Black "Van Lanen, Toon"]
[Result "0-1"]
[WhiteElo "1980"]
[BlackElo "2106"]
[PlyCount "44"]
[EventDate "2016.??.??"]

1. e4 d5 2. exd5 Qxd5 3. Nf3 Nf6 4. d4 g6 5. Be2 Bg7 6. O-O O-O 7. c4 Qd8 8.
Nc3 c6 9. h3 Bf5 10. Bf4 Qb6 11. Na4 Qd8 12. Qb3 Qc8 13. Rfd1 Na6 14. Rac1 Re8
15. Bf1 h5 16. Bd3 Bxd3 17. Qxd3 Nd7 18. a3 e5 19. dxe5 Nxe5 20. Bxe5 Bxe5 21.
Nxe5 Rxe5 22. Qd7 Re1+ 0-1

[Event "Seniorentoernooi 2016"]
[Site "Dieren, "]
[Date "2016.07.17"]
[Round "1"]
[White "Perrenet, Jacob"]
[Black "Markus, John"]
[Result "1/2-1/2"]
[WhiteElo "2103"]
[BlackElo "1973"]
[PlyCount "110"]
[EventDate "2016.??.??"]

1. Nc3 g6 2. Nf3 Bg7 3. d4 d6 4. Bf4 a6 5. e4 e6 6. Qd2 Nd7 7. Be2 b6 8. O-O
Bb7 9. Rad1 h6 10. e5 d5 11. Rc1 Ne7 12. Nd1 c5 13. c3 g5 14. Be3 Rc8 15. Ne1
O-O 16. f4 Nf5 17. fxg5 Nxe3 18. Nxe3 hxg5 19. Ng4 f5 20. exf6 Nxf6 21. Nxf6+
Rxf6 22. Nc2 Rxf1+ 23. Rxf1 Qe7 24. Bg4 Re8 25. Re1 e5 26. h3 e4 27. Ne3 cxd4
28. cxd4 Qf6 29. Rd1 a5 30. Kh1 Rf8 31. Nf5 Bc8 32. Rf1 Bxf5 33. Rxf5 Qxd4 34.
Rxf8+ Kxf8 35. Qxg5 Bf6 36. Qh6+ Ke7 37. Qh7+ Bg7 38. Qf5 Qe5 39. Qd7+ Kf6 40.
Qd8+ Kf7 41. Qd7+ Kg6 42. h4 e3 43. Be2 Qe4 44. Qd8 Kh7 45. Qg5 Bh6 46. Qh5 Kg7
47. Kh2 d4 48. Bf3 Qf4+ 49. g3 Qf6 50. Qg4+ Kh8 51. Bd5 Qf2+ 52. Kh3 Qf1+ 53.
Bg2 Qf6 54. Bd5 Qf1+ 55. Bg2 Qf6 1/2-1/2

[Event "Seniorentoernooi 2016"]
[Site "Dieren, "]
[Date "2016.07.17"]
[Round "1"]
[White "Selten, Jan"]
[Black "Seeleman, Jan"]
[Result "0-1"]
[WhiteElo "2080"]
[BlackElo "1943"]
[PlyCount "72"]
[EventDate "2016.??.??"]

1. e4 e5 2. Nf3 Nc6 3. Bc4 Be7 4. d4 exd4 5. c3 d3 6. Qb3 Na5 7. Bxf7+ Kf8 8.
Qa4 Kxf7 9. Qxa5 d6 10. Qd5+ Kf8 11. O-O Nf6 12. Qxd3 a5 13. c4 c6 14. Nc3 a4
15. Bf4 Nh5 16. Bg3 Nxg3 17. fxg3 Ke8 18. Rad1 Qb6+ 19. Kh1 Ra5 20. e5 dxe5 21.
Ne4 Qc7 22. c5 Bxc5 23. Nxe5 Be7 24. Nc4 Rd5 25. Qf3 Be6 26. Rfe1 Rf8 27. Ned6+
Kd8 28. Qe2 Rf6 29. Ne4 Rh6 30. Qe3 b5 31. Nb6 Rxd1 32. Rxd1+ Ke8 33. Qd4 Kf8
34. Nc5 Bxa2 35. Nbd7+ Kg8 36. Ne5 Rd6 0-1

[Event "Seniorentoernooi 2016"]
[Site "Dieren, "]
[Date "2016.07.17"]
[Round "1"]
[White "Fassaert, Désiré"]
[Black "Holscher, Peter"]
[Result "1-0"]
[WhiteElo "1924"]
[BlackElo "2079"]
[PlyCount "90"]
[EventDate "2016.??.??"]

1. c4 f5 2. Nc3 Nf6 3. g3 g6 4. Bg2 Bg7 5. e3 c6 6. Nge2 d6 7. d4 O-O 8. O-O
Nbd7 9. b3 Qc7 10. Nf4 Nb8 11. Ba3 a5 12. Rc1 Na6 13. Qe2 Bd7 14. Rfd1 Nb4 15.
Bb2 e5 16. dxe5 dxe5 17. Nd3 Rae8 18. Nc5 Bc8 19. a3 b6 20. axb4 axb4 21. N5a4
bxc3 22. Nxc3 e4 23. Na4 Ng4 24. Bxg7 Kxg7 25. Qb2+ Kg8 26. Qd4 Be6 27. Qd6 Qb7
28. Bf1 Rf7 29. Be2 Nf6 30. Qb4 Rb8 31. Rd6 Bd7 32. Rcd1 Ne8 33. R6d2 Be6 34.
Qc3 Qc7 35. Qb2 Qe7 36. Qe5 Nc7 37. Qd6 Qe8 38. Qe5 Qe7 39. Rd6 Qf6 40. Qxf6
Rxf6 41. Rxc6 Rf7 42. Rdd6 b5 43. Nc5 bxc4 44. Nxe6 cxb3 45. Rb6 Rxb6 1-0

[Event "Seniorentoernooi 2016"]
[Site "Dieren, "]
[Date "2016.07.17"]
[Round "1"]
[White "Jonkman, Fokke"]
[Black "Klein Douwel, John"]
[Result "1/2-1/2"]
[WhiteElo "2074"]
[BlackElo "1902"]
[PlyCount "64"]
[EventDate "2016.??.??"]

1. c4 Nf6 2. Nc3 c5 3. Nf3 d5 4. cxd5 Nxd5 5. e4 Nxc3 6. bxc3 g6 7. Bb5+ Bd7 8.
Qb3 Bg7 9. O-O O-O 10. Ba3 Qc7 11. d4 a6 12. Bc4 b5 13. Bd5 c4 14. Qc2 Bc6 15.
Bxc6 Nxc6 16. Rab1 Rad8 17. Rfd1 Rfe8 18. Bc1 e5 19. d5 Nb8 20. a4 Qa5 21. axb5
axb5 22. Be3 Nd7 23. Ra1 Qc7 24. Ra7 Qd6 25. Qa2 Nc5 26. Ng5 Rf8 27. Qa3 Rc8
28. Rb1 b4 29. cxb4 Nb3 30. Bc5 Nxc5 31. bxc5 Qxc5 32. Nf3 c3 1/2-1/2

[Event "Seniorentoernooi 2016"]
[Site "Dieren, "]
[Date "2016.07.17"]
[Round "1"]
[White "Wagenaar, Harm Theo"]
[Black "Etmans, Maarten"]
[Result "0-1"]
[WhiteElo "1900"]
[BlackElo "2063"]
[PlyCount "80"]
[EventDate "2016.??.??"]

1. c4 e5 2. g3 Nf6 3. Bg2 c6 4. d4 Bb4+ 5. Bd2 Bxd2+ 6. Qxd2 d6 7. dxe5 dxe5 8.
Qxd8+ Kxd8 9. Nf3 Re8 10. Nc3 Bf5 11. O-O-O+ Kc7 12. h3 Nbd7 13. Ng5 Bg6 14.
Nge4 Nxe4 15. Bxe4 Bxe4 16. Nxe4 f5 17. Nc3 e4 18. b3 Ne5 19. Rd4 Rad8 20. Rhd1
Rxd4 21. Rxd4 Re6 22. Nd1 Ng6 23. Nc3 Rd6 24. Rd2 Nf8 25. h4 e3 26. Rxd6 Kxd6
27. f4 Kc5 28. Nd1 Kd4 29. Nb2 Nd7 30. Nd3 Nf6 31. Ne5 Nh5 32. Kc2 Nxg3 33.
Nf3+ Ke4 34. Ng5+ Kxf4 35. Kd3 Kg4 36. Kxe3 f4+ 37. Kf2 Kxh4 38. Nxh7 Kg4 39.
Nf8 Ne4+ 40. Ke1 Kf5 0-1

[Event "Seniorentoernooi 2016"]
[Site "Dieren, "]
[Date "2016.07.17"]
[Round "1"]
[White "Arp, Frans"]
[Black "Hoogland, Dirk"]
[Result "0-1"]
[WhiteElo "2002"]
[BlackElo "2151"]
[PlyCount "38"]
[EventDate "2016.??.??"]

1. e4 c5 2. Nf3 g6 3. d4 cxd4 4. Nxd4 Nc6 5. Nc3 Bg7 6. Be3 Nf6 7. f3 O-O 8.
Qd2 d5 9. Nxc6 bxc6 10. e5 Nd7 11. f4 e6 12. Na4 Nxe5 13. fxe5 Qh4+ 14. g3 Qxa4
15. Bd4 c5 16. Bxc5 Qe4+ 17. Qe2 Qxh1 18. O-O-O Qe4 19. Qb5 Qxe5 0-1

[Event "Seniorentoernooi 2016"]
[Site "Dieren, "]
[Date "2016.07.17"]
[Round "1"]
[White "Landsbergen, Ron"]
[Black "Vogel, Jaap"]
[Result "0-1"]
[WhiteElo "1952"]
[BlackElo "2083"]
[PlyCount "44"]
[EventDate "2016.??.??"]

1. e4 e6 2. d3 d5 3. Nd2 Nf6 4. Ngf3 Be7 5. g3 O-O 6. Bg2 c5 7. O-O Nc6 8. e5
Ne8 9. Re1 b5 10. Nf1 Bb7 11. h4 d4 12. a4 a6 13. h5 h6 14. axb5 axb5 15. Rxa8
Qxa8 16. N1h2 Nb4 17. Ng4 Nxc2 18. Nxh6+ gxh6 19. Bxh6 Nxe1 20. Nxe1 Bxg2 21.
Nxg2 Kh7 22. Bxf8 Bxf8 0-1

[Event "Seniorentoernooi 2016"]
[Site "Dieren, "]
[Date "2016.07.18"]
[Round "2"]
[White "Van Lanen, Toon"]
[Black "Van den Berg, Ad"]
[Result "1-0"]
[WhiteElo "2106"]
[BlackElo "2180"]
[PlyCount "91"]
[EventDate "2016.??.??"]

1. e4 c5 2. Nc3 e6 3. g3 d5 4. exd5 exd5 5. Bg2 Nf6 6. d3 d4 7. Ne4 Nxe4 8.
dxe4 c4 9. Ne2 Nc6 10. O-O Bc5 11. Nf4 O-O 12. Qh5 Bd6 13. b3 Ne5 14. h3 cxb3
15. cxb3 Nc6 16. Rd1 Re8 17. Nd5 Re5 18. Qe2 Qa5 19. Qd2 Qxd2 20. Rxd2 f5 21.
exf5 Re1+ 22. Kh2 Bxf5 23. Bb2 Rae8 24. Rxe1 Rxe1 25. Bxd4 Nxd4 26. Rxd4 Bc5
27. Rd2 Be4 28. Bxe4 Rxe4 29. Kg2 Kf7 30. Kf3 Re6 31. Nf4 Rd6 32. Rxd6 Bxd6 33.
Ke4 Bc5 34. Nd3 Bb6 35. f4 Ke6 36. g4 g6 37. Ne5 Bc7 38. Nc4 h5 39. Ne3 hxg4
40. hxg4 Ba5 41. Nc4 Bc7 42. Ne5 g5 43. f5+ Ke7 44. Kd5 Kf6 45. Nd7+ Ke7 46.
Nc5 1-0

[Event "Seniorentoernooi 2016"]
[Site "Dieren, "]
[Date "2016.07.18"]
[Round "2"]
[White "Vogel, Jaap"]
[Black "De Ruijter, Luuk"]
[Result "1/2-1/2"]
[WhiteElo "2083"]
[BlackElo "2152"]
[PlyCount "80"]
[EventDate "2016.??.??"]

1. d4 d5 2. Nf3 Nf6 3. c4 c6 4. e3 e6 5. Nc3 Nbd7 6. Qc2 Bd6 7. b3 O-O 8. Be2
e5 9. cxd5 cxd5 10. Nb5 Bb8 11. Ba3 Re8 12. Rc1 e4 13. Nd2 Nf8 14. Nc7 Bxc7 15.
Qxc7 Qxc7 16. Rxc7 Ne6 17. Rc1 Bd7 18. Bd6 Rec8 19. O-O Ne8 20. Bg3 a5 21. f3
exf3 22. gxf3 Bc6 23. Kf2 Rd8 24. Bd3 h6 25. h4 h5 26. Rg1 Kf8 27. Be5 g6 28.
a4 Ke7 29. Nb1 N8g7 30. Nc3 Nf5 31. Bxf5 gxf5 32. Ne2 f6 33. Bh2 Kf7 34. Nf4
Nxf4 35. Bxf4 Rac8 36. Bh6 b5 37. Rg7+ Ke6 38. axb5 Bxb5 39. Rcc7 Rxc7 40. Rxc7
a4 1/2-1/2

[Event "Seniorentoernooi 2016"]
[Site "Dieren, "]
[Date "2016.07.18"]
[Round "2"]
[White "Hoogland, Dirk"]
[Black "Fassaert, Désiré"]
[Result "1-0"]
[WhiteElo "2151"]
[BlackElo "1924"]
[PlyCount "107"]
[EventDate "2016.??.??"]

1. c4 f5 2. g3 g6 3. Bg2 Bg7 4. Nc3 Nf6 5. d3 e5 6. e4 fxe4 7. dxe4 Nc6 8. Nge2
d6 9. O-O O-O 10. h3 h6 11. Be3 Be6 12. Nd5 Ne7 13. Rc1 Kh7 14. Kh2 c6 15.
Nxf6+ Rxf6 16. f4 Qc7 17. Qd2 Raf8 18. b3 b6 19. Ng1 Bc8 20. Nf3 c5 21. Rf2 Nc6
22. Rcf1 Nd4 23. Nh4 Qe7 24. Bxd4 exd4 25. Re1 Qd8 26. Nf3 R6f7 27. Qd3 Bh8 28.
Rfe2 Be6 29. Qd2 Bf6 30. g4 Bh4 31. Nxh4 Qxh4 32. f5 Bd7 33. Rf1 Kg7 34. Qf4
Qe7 35. Qg3 Qe5 36. h4 g5 37. Qxe5+ dxe5 38. Kg3 gxh4+ 39. Kxh4 Kf6 40. Bf3 Rg7
41. Rh2 Be8 42. Rfh1 Rfg8 43. Kg3 h5 44. Rxh5 Bxh5 45. Rxh5 Rd8 46. Kh4 Kf7 47.
g5 Kg8 48. g6 d3 49. Kg5 d2 50. f6 d1=Q 51. Bxd1 Rxd1 52. fxg7 Kxg7 53. Rh7+
Kg8 54. Rxa7 1-0

[Event "Seniorentoernooi 2016"]
[Site "Dieren, "]
[Date "2016.07.18"]
[Round "2"]
[White "Etmans, Maarten"]
[Black "Schouten, Nico"]
[Result "0-1"]
[WhiteElo "2063"]
[BlackElo "2117"]
[PlyCount "78"]
[EventDate "2016.??.??"]

1. b3 Nf6 2. Bb2 e6 3. Nf3 Be7 4. e3 O-O 5. Be2 c5 6. O-O Nc6 7. c4 d5 8. d4
cxd4 9. Nxd4 Bd7 10. cxd5 Nxd5 11. Nd2 Nxd4 12. Bxd4 Bc6 13. Bf3 Bd6 14. Nc4
Bc7 15. Rc1 Qg5 16. g3 Rfd8 17. Qe2 e5 18. Ba1 Qe7 19. e4 Nb4 20. Rfd1 Bb5 21.
a3 Nc6 22. Rd5 Bxc4 23. Qxc4 Qxa3 24. Rcd1 Qe7 25. Bg4 Bb6 26. Kg2 Bd4 27. Bxd4
Nxd4 28. f4 b5 29. Rxd8+ Rxd8 30. Qc3 f6 31. b4 g6 32. Rd3 Qd6 33. f5 Kg7 34.
Qa1 a6 35. Qc3 Rd7 36. Qd2 Rc7 37. fxg6 hxg6 38. h4 Rc4 39. Kh3 Qxb4 0-1

[Event "Seniorentoernooi 2016"]
[Site "Dieren, "]
[Date "2016.07.18"]
[Round "2"]
[White "Seeleman, Jan"]
[Black "Perrenet, Jacob"]
[Result "0-1"]
[WhiteElo "1943"]
[BlackElo "2103"]
[PlyCount "170"]
[EventDate "2016.??.??"]

1. e4 Nc6 2. d4 d5 3. Nc3 e6 4. Nf3 Bb4 5. e5 Nge7 6. a3 Ba5 7. b4 Bb6 8. Na4
Bd7 9. Nxb6 axb6 10. c3 Ng6 11. Bd3 Nce7 12. h4 Ba4 13. Qe2 h5 14. Ng5 Qd7 15.
Ra2 Nf8 16. Nh3 f6 17. exf6 gxf6 18. Nf4 O-O-O 19. Nxh5 Qc6 20. Bd2 Nd7 21. Rb2
b5 22. Ng3 Rdg8 23. h5 e5 24. h6 Re8 25. dxe5 Nxe5 26. O-O Nc4 27. Bxc4 dxc4
28. Bf4 Ng6 29. Qg4+ f5 30. Qxf5+ Kb8 31. Be3 Nh4 32. Qh3 Rxe3 33. fxe3 Rxh6
34. Rf8+ Ka7 35. Qg4 b6 36. Qc8 Rg6 37. Qb8+ Ka6 38. Qa8+ Qxa8 39. Rxa8+ Kb7
40. Rh8 Rxg3 41. Rxh4 Rxe3 42. Rh3 Re1+ 43. Kf2 Ra1 44. g4 Rxa3 45. g5 Bd1 46.
Rd2 Bg4 47. Rg3 Bf5 48. g6 Bxg6 49. Rxg6 Rxc3 50. Rb2 Rd3 51. Rg3 Rd5 52. Re3
c5 53. bxc5 Rxc5 54. Rc3 Kc6 55. Ke3 Re5+ 56. Kd4 Rd5+ 57. Ke4 Rh5 58. Rf3 Kc5
59. Rf8 b4 60. Rc8+ Kb5 61. Kd4 Rc5 62. Rh8 c3 63. Rc2 Rc4+ 64. Kd3 Rg4 65. Rh1
Rg3+ 66. Kd4 Rg4+ 67. Kd3 Rg3+ 68. Kd4 Ka4 69. Ra1+ Kb3 70. Rac1 Rg8 71. Kd3
Rd8+ 72. Ke2 b5 73. Ke1 Rh8 74. Ke2 Kc4 75. Ke3 Rh3+ 76. Ke4 b3 77. Rg2 Kb4 78.
Kd4 b2 79. Rcg1 Kb3 80. Ke5 b4 81. Rg4 Rh5+ 82. Kd4 Ra5 83. Rb1 Ra1 84. Rgg1
Rxb1 85. Rxb1 c2 0-1

[Event "Seniorentoernooi 2016"]
[Site "Dieren, "]
[Date "2016.07.18"]
[Round "2"]
[White "Markus, John"]
[Black "Jonkman, Fokke"]
[Result "1/2-1/2"]
[WhiteElo "1973"]
[BlackElo "2074"]
[PlyCount "79"]
[EventDate "2016.??.??"]

1. d4 c5 2. d5 g6 3. c4 Bg7 4. e4 d6 5. Qc2 e6 6. Nc3 Ne7 7. Bd3 Na6 8. a3 O-O
9. Nge2 exd5 10. Nxd5 Nc6 11. O-O Nc7 12. Nxc7 Qxc7 13. Be3 Be6 14. f4 f5 15.
Rad1 Rae8 16. e5 dxe5 17. Bxc5 e4 18. Bxe4 fxe4 19. Bxf8 Bxf8 20. b4 Qf7 21.
Rc1 Bg7 22. Rfd1 Bg4 23. Rd5 Bxe2 24. Qxe2 Nd4 25. Qe3 Qxf4 26. Qxf4 Ne2+ 27.
Kh1 Nxf4 28. Rd7 e3 29. g3 e2 30. gxf4 e1=Q+ 31. Rxe1 Rxe1+ 32. Kg2 Ra1 33.
Rxb7 Rxa3 34. c5 Bd4 35. c6 Bb6 36. c7 Bxc7 37. Rxc7 Ra4 38. Rb7 a5 39. bxa5
Rxa5 40. Kg3 1/2-1/2

[Event "Seniorentoernooi 2016"]
[Site "Dieren, "]
[Date "2016.07.18"]
[Round "2"]
[White "Goossen, Theo"]
[Black "Selten, Jan"]
[Result "0-1"]
[WhiteElo "1991"]
[BlackElo "2080"]
[PlyCount "112"]
[EventDate "2016.??.??"]

1. e4 e5 2. Nf3 Nc6 3. Bb5 f5 4. d3 Nf6 5. O-O d6 6. Qe2 Be7 7. Nc3 O-O 8. Bc4+
Kh8 9. Nd5 fxe4 10. dxe4 Bg4 11. c3 Qd7 12. Qe3 Bxf3 13. gxf3 Nxd5 14. exd5 Nd8
15. Qe4 Nf7 16. Bd3 g6 17. Qg4 Rad8 18. Be3 a6 19. Kg2 Kg7 20. Rg1 Bg5 21. Kf1
Bxe3 22. Qxd7 Rxd7 23. fxe3 Nh6 24. Ke2 Rdf7 25. Raf1 Nf5 26. Rg4 a5 27. Ra4 b6
28. b4 axb4 29. cxb4 Ne7 30. e4 c6 31. Bc4 b5 32. Ra6 bxc4 33. dxc6 Rb8 34. a3
Nc8 35. Rc1 Rb6 36. Rxb6 Nxb6 37. a4 Nxa4 38. Rxc4 Rc7 39. Rc2 Kf7 40. b5 Ke7
41. Kd3 d5 42. Ra2 Nc5+ 43. Kc3 dxe4 44. Kc4 Ne6 45. fxe4 Kd6 46. Rd2+ Nd4 47.
Kb4 Rf7 48. Ra2 Rf3 49. Ra7 Rb3+ 50. Kc4 Rxb5 51. Rxh7 Rc5+ 52. Kb4 Nxc6+ 53.
Kb3 Nd4+ 54. Kb4 Ne6 55. Rh8 Rc2 56. Rg8 g5 0-1

[Event "Seniorentoernooi 2016"]
[Site "Dieren, "]
[Date "2016.07.18"]
[Round "2"]
[White "Holscher, Peter"]
[Black "Huysman, Arie"]
[Result "1/2-1/2"]
[WhiteElo "2079"]
[BlackElo "1980"]
[PlyCount "137"]
[EventDate "2016.??.??"]

1. d4 Nf6 2. Nf3 e6 3. c4 d5 4. Nc3 c6 5. g3 Be7 6. Bg2 O-O 7. O-O Nbd7 8. b3
b6 9. Qd3 Bb7 10. Bf4 Nh5 11. Bd2 f5 12. Qe3 Kf7 13. h3 h6 14. g4 Nhf6 15. gxf5
exf5 16. Nh4 f4 17. Qd3 Ne4 18. Nf5 Nxc3 19. Bxc3 Kg8 20. e4 fxe3 21. fxe3 Nf6
22. a4 a5 23. e4 dxe4 24. Bxe4 Bb4 25. Bxb4 axb4 26. Bg2 Qc7 27. Rae1 Rae8 28.
Rxe8 Nxe8 29. c5 bxc5 30. dxc5 Qe5 31. Qc4+ Kh8 32. Ng3 Rxf1+ 33. Nxf1 Nc7 34.
Qxb4 Ba6 35. Qb8+ Kh7 36. Qf8 Ne6 37. Qd6 Qxc5+ 38. Qxc5 Nxc5 39. Nd2 Bb7 40.
Kf2 Kg6 41. Ke3 Kf5 42. Nc4 Ke6 43. Na5 Ba8 44. Kd2 Ke5 45. Kc3 Kd6 46. Nc4+
Kc7 47. Ne3 Ne6 48. b4 Bb7 49. Bf1 Bc8 50. h4 Nf4 51. Kd4 Ng6 52. Ng2 Kd6 53.
a5 Ne7 54. Ne3 Ng6 55. a6 Nxh4 56. a7 Bb7 57. Be2 g5 58. Nc4+ Kc7 59. Kc5 Ng2
60. Nb6 Nf4 61. Bc4 g4 62. a8=Q Bxa8 63. Nxa8+ Kb7 64. Nb6 g3 65. Bf1 g2 66.
Bxg2 Nxg2 67. Nc4 Nf4 68. Na5+ Kc7 69. Nxc6 1/2-1/2

[Event "Seniorentoernooi 2016"]
[Site "Dieren, "]
[Date "2016.07.18"]
[Round "2"]
[White "Van Wageningen, Arie"]
[Black "Landsbergen, Ron"]
[Result "1/2-1/2"]
[WhiteElo "2023"]
[BlackElo "1952"]
[PlyCount "89"]
[EventDate "2016.??.??"]

1. d4 Nf6 2. Nf3 d5 3. g3 e6 4. Bg2 c5 5. O-O Nc6 6. b3 Be7 7. Bb2 O-O 8. Nbd2
Ne4 9. c4 f5 10. cxd5 exd5 11. dxc5 Bxc5 12. e3 Qe7 13. a3 Nxf2 14. Rxf2 Qxe3
15. Qf1 f4 16. Re1 Qxf2+ 17. Qxf2 Bxf2+ 18. Kxf2 fxg3+ 19. Kxg3 Bf5 20. Nd4
Rad8 21. b4 a6 22. h4 Bg6 23. Ne6 Rfe8 24. Nxd8 Rxe1 25. Bxd5+ Kf8 26. Nxc6
bxc6 27. Bxc6 Re2 28. Bc1 Re3+ 29. Bf3 Rc3 30. Bb2 Rc2 31. Bd4 Rxd2 32. Bc5+
Kf7 33. Kf4 Rd3 34. a4 Ra3 35. a5 Bd3 36. h5 Bc4 37. Be4 Rh3 38. Bf3 g6 39.
hxg6+ Kxg6 40. Bf2 h5 41. Bg3 Kf6 42. Bg2 Rxg3 43. Kxg3 Ke5 44. Kh4 Be2 45. Bb7
1/2-1/2

[Event "Seniorentoernooi 2016"]
[Site "Dieren, "]
[Date "2016.07.18"]
[Round "2"]
[White "Wagenaar, Harm Theo"]
[Black "Arp, Frans"]
[Result "1/2-1/2"]
[WhiteElo "1900"]
[BlackElo "2002"]
[PlyCount "120"]
[EventDate "2016.??.??"]

1. c4 Nf6 2. g3 g6 3. Bg2 Bg7 4. Nc3 O-O 5. e4 d6 6. Nge2 c5 7. O-O Nc6 8. d3
a6 9. h3 Rb8 10. a4 Bd7 11. Be3 e5 12. Rb1 Nd4 13. b4 b5 14. axb5 axb5 15. Nxb5
Bxb5 16. cxb5 Rxb5 17. Bxd4 cxd4 18. Qa4 Qb6 19. Rb2 Rb8 20. Rfb1 Nd7 21. Nc1
Qb7 22. Na2 Ra8 23. Qc2 Nb6 24. Qb3 Bh6 25. Rc2 Na4 26. Bf1 Nc5 27. Qc4 Ra4 28.
Rbb2 Na6 29. Qc8+ Qxc8 30. Rxc8+ Bf8 31. Ra8 Rb8 32. Ra7 Rc8 33. Rb7 Rc7 34.
Rb6 Ra3 35. b5 Nc5 36. Rc6 Rb7 37. Nc1 Na4 38. Rb3 Rxb3 39. Nxb3 Rxb5 40. Nd2
Nb6 41. Nc4 Nxc4 42. Rxc4 Rb1 43. Kg2 Rb2 44. Kf3 f5 45. Rc1 Rb3 46. g4 d5 47.
exd5 e4+ 48. Kf4 Bd6+ 49. Kg5 Rc3 50. Rd1 exd3 51. Bxd3 f4 52. Kf6 Bf8 53. Ke5
Bg7+ 54. Kxf4 Kf7 55. Ke4 Rc8 56. Bb5 Rc2 57. f4 Rc3 58. Bd3 Rc8 59. Bb5 Rc3
60. Rd3 Ke7 1/2-1/2

[Event "Seniorentoernooi 2016"]
[Site "Dieren, "]
[Date "2016.07.19"]
[Round "3"]
[White "Schouten, Nico"]
[Black "Hoogland, Dirk"]
[Result "1-0"]
[WhiteElo "2117"]
[BlackElo "2151"]
[PlyCount "119"]
[EventDate "2016.??.??"]

1. d4 Nf6 2. c4 d6 3. Nf3 g6 4. Nc3 Bg7 5. e3 O-O 6. Be2 c6 7. O-O Nbd7 8. Qc2
Re8 9. b3 e5 10. Bb2 e4 11. Nd2 d5 12. cxd5 cxd5 13. Nb5 Rb8 14. Nxa7 Nf8 15.
Nb5 Ne6 16. Rfc1 h5 17. Ba3 Ng4 18. Bxg4 hxg4 19. Bd6 Ra8 20. Nc7 Nxc7 21. Qxc7
Ra6 22. Qxd8 Rxd8 23. Bb4 Rc6 24. a4 Bd7 25. Rxc6 Bxc6 26. Rc1 f5 27. g3 Kf7
28. Nb1 Ke6 29. Nc3 g5 30. Bc5 Bf6 31. b4 Ra8 32. b5 Bd7 33. Bb4 b6 34. Kg2 Bd8
35. h3 gxh3+ 36. Kxh3 Rc8 37. Kg2 Bf6 38. Kf1 f4 39. gxf4 gxf4 40. Ne2 Rxc1+
41. Nxc1 f3 42. Na2 Be8 43. Bf8 Bd7 44. Bb4 Bd8 45. Bf8 Bc7 46. Nb4 Bc8 47. Na6
Bd8 48. Bh6 Bb7 49. Bf4 Kd7 50. Bg3 Kc8 51. Ke1 Kd7 52. Kd2 Ke7 53. Bc7 Kd7 54.
Bxd8 Kxd8 55. Nb4 Kd7 56. Na2 Ke6 57. Nc1 Bc8 58. Nb3 Bd7 59. Kc3 Kf5 60. a5
1-0

[Event "Seniorentoernooi 2016"]
[Site "Dieren, "]
[Date "2016.07.19"]
[Round "3"]
[White "De Ruijter, Luuk"]
[Black "Van Lanen, Toon"]
[Result "1-0"]
[WhiteElo "2152"]
[BlackElo "2106"]
[PlyCount "53"]
[EventDate "2016.??.??"]

1. d4 Nf6 2. c4 e6 3. Nf3 b6 4. g3 Bb7 5. Bg2 Bb4+ 6. Bd2 Qe7 7. O-O Bxd2 8.
Qxd2 O-O 9. Nc3 d5 10. cxd5 exd5 11. Rac1 Nbd7 12. Nh4 g6 13. Qg5 c6 14. e4
dxe4 15. Nxe4 h6 16. Nxf6+ Nxf6 17. Qxh6 Qd6 18. Rfd1 Rad8 19. a3 Rfe8 20. Bf3
Re6 21. Ng2 Qd7 22. Ne3 Ba6 23. Qh3 Qe7 24. Qg2 Red6 25. Re1 Qf8 26. Rxc6 Rxd4
27. Rxf6 1-0

[Event "Seniorentoernooi 2016"]
[Site "Dieren, "]
[Date "2016.07.19"]
[Round "3"]
[White "Perrenet, Jacob"]
[Black "Vogel, Jaap"]
[Result "0-1"]
[WhiteElo "2103"]
[BlackElo "2083"]
[PlyCount "70"]
[EventDate "2016.??.??"]

1. Nc3 d5 2. e4 e6 3. Bd3 Nf6 4. e5 Nfd7 5. f4 Nc5 6. Bb5+ Bd7 7. Bxd7+ Qxd7 8.
d4 Ne4 9. Nge2 f5 10. exf6 Nxf6 11. O-O Bd6 12. Kh1 O-O 13. Be3 Nc6 14. Qd2 Ne7
15. Rf3 Nf5 16. h3 Bb4 17. Qd3 Nd6 18. Rg1 Nfe4 19. g4 c6 20. Rff1 Bxc3 21.
Nxc3 Nxc3 22. Qxc3 Rf7 23. Bc1 Raf8 24. Qd3 Ne4 25. b3 b6 26. Rf3 Qd6 27. f5
exf5 28. Bf4 Qe6 29. Be5 fxg4 30. Rxg4 g6 31. Rxf7 Rxf7 32. Bg3 h5 33. Rh4 Rf1+
34. Kg2 Nxg3 35. Kxg3 Qe1+ 0-1

[Event "Seniorentoernooi 2016"]
[Site "Dieren, "]
[Date "2016.07.19"]
[Round "3"]
[White "Van den Berg, Ad"]
[Black "Markus, John"]
[Result "1-0"]
[WhiteElo "2180"]
[BlackElo "1973"]
[PlyCount "91"]
[EventDate "2016.??.??"]

1. e4 e5 2. Nf3 Nc6 3. Bc4 Nf6 4. d3 Bc5 5. c3 d6 6. b4 Bb6 7. O-O O-O 8. Bb3
a6 9. Re1 h6 10. h3 Re8 11. Nbd2 d5 12. a3 dxe4 13. dxe4 Be6 14. Ba4 Bd7 15.
Bb2 Ba7 16. c4 Nd4 17. Bxd7 Qxd7 18. c5 Rad8 19. Nc4 Qe6 20. Nfxe5 b5 21. Bxd4
bxc4 22. Nf3 Nxe4 23. Qc2 f5 24. Rac1 c6 25. Qxc4 Qxc4 26. Rxc4 Bb8 27. h4 g5
28. hxg5 hxg5 29. Be3 f4 30. Bxf4 Bxf4 31. Rcxe4 Rxe4 32. Rxe4 Rd3 33. a4 Ra3
34. g3 Rxf3 35. gxf4 gxf4 36. a5 Kf7 37. Kg2 Rb3 38. Rxf4+ Ke6 39. Rd4 Ke5 40.
Rd6 Rxb4 41. Rxc6 Rc4 42. Rxa6 Rxc5 43. Rh6 Rc1 44. Rh1 Rc6 45. Ra1 Ra6 46. Kf3
1-0

[Event "Seniorentoernooi 2016"]
[Site "Dieren, "]
[Date "2016.07.19"]
[Round "3"]
[White "Selten, Jan"]
[Black "Klein Douwel, John"]
[Result "1-0"]
[WhiteElo "2080"]
[BlackElo "1902"]
[PlyCount "84"]
[EventDate "2016.??.??"]

1. c4 Nf6 2. Nc3 e5 3. Nf3 Nc6 4. g3 Bc5 5. Bg2 O-O 6. O-O d6 7. d3 Bg4 8. a3
a5 9. Rb1 Qd7 10. Bg5 Ne8 11. Nd5 h6 12. Bd2 Ne7 13. b4 axb4 14. axb4 Ba7 15.
Nxe7+ Qxe7 16. Qc2 Rd8 17. Rfc1 f5 18. c5 d5 19. Qb2 Bxf3 20. Bxf3 e4 21. Bg2
c6 22. d4 Bb8 23. e3 Nf6 24. b5 Nh7 25. bxc6 bxc6 26. Qb7 Qxb7 27. Rxb7 Rf7 28.
Rcb1 Rxb7 29. Rxb7 Ng5 30. Ba5 Rc8 31. Bf1 Nf3+ 32. Kg2 g5 33. Ba6 f4 34. Re7
Rf8 35. Bb7 fxe3 36. fxe3 Nxh2 37. Kxh2 Rf2+ 38. Kh3 h5 39. Bxc6 Rb2 40. Bxd5+
Kf8 41. Rh7 h4 42. gxh4 Rh2+ 1-0

[Event "Seniorentoernooi 2016"]
[Site "Dieren, "]
[Date "2016.07.19"]
[Round "3"]
[White "Jonkman, Fokke"]
[Black "Seeleman, Jan"]
[Result "1-0"]
[WhiteElo "2074"]
[BlackElo "1943"]
[PlyCount "55"]
[EventDate "2016.??.??"]

1. c4 Nf6 2. Nc3 g6 3. e4 d6 4. d4 Bg7 5. Be2 O-O 6. Bg5 c5 7. d5 e6 8. Nf3
exd5 9. exd5 h6 10. Bd2 Na6 11. O-O Nc7 12. a4 Rb8 13. Bd3 b6 14. h3 a6 15. Qb3
Bd7 16. Rfe1 Re8 17. Bf4 Bf8 18. Qc2 Nh5 19. Be3 g5 20. Nh2 b5 21. axb5 axb5
22. cxb5 Nxb5 23. Nxb5 Bxb5 24. Bxb5 Rxb5 25. Qe2 Ra5 26. Qxh5 Qa8 27. Rad1 Re5
28. Ng4 1-0